Les pays d'Afrique sur une carte - Statistiques

Statistiques générales
  • Ce quiz a été pris 267 fois
  • Le résultat moyen est 44 sur 54
Réponses sur la Carte
Les réponses sont colorées sur une échelle allant du rouge au vert en fonction du pourcentage des utilisateurs qui les ont devinées à leur premier essai. Vous pouvez retrouver ces pourcentages ci-dessous.
 
Statistiques - réponses
Pays % Correct
Algérie
99%
Maroc
99%
Afrique du Sud
98%
Égypte
98%
Madagascar
97%
Tunisie
97%
République démocratique du Congo
95%
République du Congo
95%
Mali
91%
Libye
90%
Sénégal
90%
Soudan
90%
Guinée
89%
Niger
89%
Somalie
88%
Angola
87%
Cap-Vert
86%
Cameroun
85%
Mauritanie
85%
Nigeria
85%
Togo
85%
Éthiopie
84%
Soudan du Sud
84%
Zimbabwe
84%
Érythrée
81%
Ghana
81%
Tchad
81%
Côte d'Ivoire
80%
Kenya
80%
Zambie
80%
Tanzanie
79%
Namibie
78%
République centrafricaine
78%
Gabon
77%
Bénin
76%
Guinée équatoriale
76%
Mozambique
76%
Rwanda
76%
Comores
75%
Guinée-Bissau
75%
Lesotho
75%
Burkina Faso
74%
Liberia
74%
Seychelles
74%
Botswana
72%
Djibouti
72%
Gambie
72%
Île Maurice
72%
Ouganda
72%
Burundi
68%
Eswatini
66%
Malawi
66%
Sierra Leone
64%
São Tomé-et-Principe
60%
Aucun quiz correspondant
Distribution des résultats
% des personnes avec chaque résultat
Percentile par nombre de réponses
Votre historique - résultats
Vous n’avez pas pris ce quiz